House of Cards Characters (Seasons 1 & 2) - Statistics

General Stats
  • This quiz has been taken 503 times
  • The average score is 8 of 15
Answer Stats
Hint Answer % Correct
This budding journalist has a unique relationship with Frank Underwood Zoey Barnes
80%
Frank is commonly seen eating at ______ bbq joint Freddy Hayes'
75%
He becomes Frank's new bodyguard Edward Meechum
74%
The former President's close friend and nuclear industrialist Raymond Tusk
71%
The former President of the United States Garrett Walker
70%
Frank's Secretary of State Catherine Durant
58%
Cheif of staff _______ constantly butts heads with Frank Linda Vasquez
56%
This British photographer helps raise donations for Clarie Adam Galloway
54%
The former press secretary for Frank Underwood Remy Danton
54%
This Chinese businessman has his rights of sanction revoked Xander Feng
51%
The original writer of the Education Bill Donald Blythe
46%
Former Vice President of the United States Jim Matthews
30%
A computer hacker for the FBI who entraps a journalist from the Herald Gavin Orsay
25%
This Casino owner used to funnel money to the Democratic Party Daniel Lanagin
15%
The owner of The Washington Herald Margaret Tilden
6%
No matching quizzes found
Score Distribution
Percent of People with Each Score
Percentile by Number Answered
Your Score History
You have not taken this quiz